[Event "Wch U20 Girls 28th"]
[Site "Chotowa"]
[Date "2010.08.16"]
[Round "13.31"]
[White "Skrzypczak, Anna"]
[Black "Krumova, Ani"]
[Result "1-0"]
[WhiteElo "2028"]
[BlackElo "1916"]
[PlyCount "87"]
[EventDate "2010.08.03"]
[EventType "swiss"]
[EventRounds "13"]
[EventCountry "POL"]
[SourceTitle "EXT 2023"]
[Source "ChessBase"]
[SourceDate "2022.10.05"]
[SourceVersion "1"]
[SourceVersionDate "2022.10.05"]
[SourceQuality "1"]

1. d4 Nf6 2. c4 g6 3. Nc3 Bg7 4. e4 d6 5. Nf3 0-0 6. h3 c6 7. Bg5 Qc7 8. Be2 Nbd7 9. 0-0 e5 10. d5 Nc5 11. Nd2 a5 12. a3 a4 13. Be3 Bd7 14. Qc2 Ne8 15. dxc6 Bxc6 16. Nd5 Qd8 17. Rad1 Nd7 18. Bg4 Nef6 19. Bxd7 Nxd7 20. Nb1 f5 21. f3 Rc8 22. Qd2 Rf7 23. Qb4 Bxd5 24. cxd5 Nc5 25. Nc3 Bf6 26. Nxa4 Nxa4 27. Qxa4 Bg5 28. Qb3 Rfc7 29. Bb6 Bf4 30. Bxc7 Rxc7 31. Qb6 Qe7 32. Qf2 Qg5 33. h4 Qh6 34. Rd3 g5 35. g3 Bc1 36. hxg5 Qxg5 37. exf5 Bf4 38. g4 h5 39. Qg2 Rg7 40. Kf2 hxg4 41. fxg4 Qh4+ 42. Kf3 Bh6 43. Rh1 Qg5 44. Kf2 1-0

[Event "Wch U20 Girls 28th"]
[Site "Chotowa"]
[Date "2010.08.10"]
[Round "7"]
[White "Skrzypczak, Anna"]
[Black "Saduakassova, Dinara"]
[Result "0-1"]
[WhiteElo "2028"]
[BlackElo "2131"]
[PlyCount "64"]
[EventDate "2010.08.03"]
[EventType "swiss"]
[EventRounds "13"]
[EventCountry "POL"]
[SourceTitle "CBM 137 Extra"]
[Source "ChessBase"]
[SourceDate "2010.09.01"]
[SourceVersion "1"]
[SourceVersionDate "2010.09.01"]
[SourceQuality "1"]

1. e4 c5 2. Nf3 d6 3. d4 cxd4 4. Nxd4 Nf6 5. Nc3 a6 6. Be3 e5 7. Nb3 Be7 8. f4 Nbd7 9. Qe2 b5 10. g3 Bb7 11. Bg2 Rc8 12. Nd5 Nxd5 13. exd5 Nf6 14. Rd1 exf4 15. Bxf4 0-0 16. 0-0 Qd7 17. Kh1 Rfe8 18. Qd3 Bd8 19. Nd2 Bb6 20. c3 Ng4 21. Ne4 Ne5 22. Qe2 Ng6 23. Qh5 Nxf4 24. Rxf4 Re5 25. Qf3 Rce8 26. b3 f5 27. Ng5 Be3 28. Qh5 g6 29. Qh3 Bxf4 30. gxf4 Re1+ 31. Rxe1 Rxe1+ 32. Bf1 Bxd5+ 0-1

[Event "POL-ch U18 Girls"]
[Site "Chotowa"]
[Date "2009.03.28"]
[Round "1"]
[White "Skrzypczak, Anna"]
[Black "Stepien, Teresa"]
[Result "1-0"]
[WhiteElo "2000"]
[BlackElo "1605"]
[PlyCount "33"]
[EventDate "2009.03.28"]
[EventType "swiss"]
[EventRounds "11"]
[EventCountry "POL"]
[SourceTitle "EXT 2011"]
[Source "ChessBase"]
[SourceDate "2010.11.26"]
[SourceVersion "1"]
[SourceVersionDate "2010.11.26"]
[SourceQuality "1"]

1. e4 e6 2. d4 d5 3. Nd2 Nf6 4. e5 Nfd7 5. Bd3 c5 6. c3 Nc6 7. Ne2 Qb6 8. Nf3 cxd4 9. cxd4 Bb4+ 10. Bd2 a6 11. 0-0 Bxd2 12. Qxd2 Qb4 13. Qg5 0-0 14. Bxh7+ Kxh7 15. Qh5+ Kg8 16. Ng5 Re8 17. Qxf7+ 1-0

[Event "Polanica Zdroj op-A 44th"]
[Site "Polanica Zdroj"]
[Date "2008.08.27"]
[Round "9"]
[White "Skrzypczak, Anna"]
[Black "Barski, Radoslaw"]
[Result "0-1"]
[WhiteElo "1977"]
[BlackElo "2154"]
[PlyCount "74"]
[EventDate "2008.08.19"]
[EventType "swiss"]
[EventRounds "10"]
[EventCountry "POL"]
[SourceTitle "CBM 126 Extra"]
[Source "ChessBase"]
[SourceDate "2008.11.05"]
[SourceVersion "1"]
[SourceVersionDate "2008.11.05"]
[SourceQuality "1"]

1. e4 e5 2. Nf3 Nc6 3. Bb5 a6 4. Ba4 Nf6 5. d3 d6 6. c3 g6 7. 0-0 Bg7 8. Re1 0-0 9. Nbd2 b5 10. Bb3 Na5 11. Bc2 c5 12. Nf1 Nc6 13. Ng3 h6 14. d4 Qe7 15. h3 Nh7 16. dxc5 dxc5 17. Be3 Rd8 18. Qc1 h5 19. Ng5 Nf8 20. a4 Rb8 21. Rd1 Bb7 22. Rxd8 Rxd8 23. Qf1 c4 24. axb5 axb5 25. h4 f6 26. Nf3 Ne6 27. b3 b4 28. bxc4 bxc3 29. Qe1 Ncd4 30. Qxc3 f5 31. exf5 e4 32. Nxd4 Nxd4 33. Bxd4 Bxd4 34. Qa3 Qxh4 35. Rf1 e3 36. Qc1 exf2+ 37. Rxf2 Qxg3 0-1

[Event "Polanica Zdroj op-A 44th"]
[Site "Polanica Zdroj"]
[Date "2008.08.19"]
[Round "1"]
[White "Skrzypczak, Anna"]
[Black "Warakomska, Anna"]
[Result "1-0"]
[WhiteElo "1977"]
[BlackElo "2211"]
[PlyCount "67"]
[EventDate "2008.08.19"]
[EventType "swiss"]
[EventRounds "10"]
[EventCountry "POL"]
[SourceTitle "CBM 126 Extra"]
[Source "ChessBase"]
[SourceDate "2008.11.05"]
[SourceVersion "1"]
[SourceVersionDate "2008.11.05"]
[SourceQuality "1"]

1. e4 c5 2. Nf3 e6 3. d4 cxd4 4. Nxd4 a6 5. Bd3 Nf6 6. Qe2 d6 7. 0-0 Qc7 8. c4 Be7 9. Nc3 0-0 10. Be3 Nbd7 11. f4 b6 12. Nf3 Bb7 13. Bd2 Rac8 14. Rae1 Rfd8 15. Kh1 g6 16. b3 Bf8 17. f5 Bg7 18. fxe6 fxe6 19. Ng5 Re8 20. Qe3 Ne5 21. Bb1 Rcd8 22. Na4 b5 23. cxb5 axb5 24. Rc1 Qe7 25. Nc3 Bc6 26. Ne2 h6 27. Nf3 Nfg4 28. Qg1 Ba8 29. h3 Nxf3 30. gxf3 Ne5 31. f4 Nd7 32. Qxg6 Kh8 33. Bc3 Rg8 34. Qxh6# 1-0

[Event "POL-ch U16 Girls"]
[Site "Leba"]
[Date "2008.04.04"]
[Round "9"]
[White "Skrzypczak, Anna"]
[Black "Warakomska, Anna"]
[Result "0-1"]
[WhiteElo "2032"]
[BlackElo "2181"]
[PlyCount "58"]
[EventDate "2008.03.29"]
[EventType "swiss"]
[EventRounds "11"]
[EventCountry "POL"]
[SourceTitle "CBM 123 Extra"]
[Source "ChessBase"]
[SourceDate "2008.05.06"]
[SourceVersion "1"]
[SourceVersionDate "2008.05.06"]
[SourceQuality "1"]

1. e4 c5 2. Nf3 Nc6 3. Bb5 g6 4. Bxc6 dxc6 5. d3 Bg7 6. Nc3 e5 7. Be3 b6 8. h3 Qe7 9. 0-0 Nf6 10. Qd2 h6 11. a4 a5 12. Ne2 Nd7 13. Nh2 Nf8 14. f4 exf4 15. Bxf4 Ne6 16. Be3 Nd4 17. Nf3 Nxe2+ 18. Qxe2 0-0 19. c3 f5 20. Nd2 g5 21. d4 Ba6 22. c4 cxd4 23. Bf2 Rae8 24. Rfe1 Qb4 25. Qd3 fxe4 26. Rxe4 Rxe4 27. Nxe4 Bxc4 28. Qd1 Bd5 29. Nd2 d3 0-1

[Event "POL-ch U16 Girls"]
[Site "Leba"]
[Date "2008.03.30"]
[Round "2"]
[White "Pietrzak, Martyna"]
[Black "Skrzypczak, Anna"]
[Result "0-1"]
[WhiteElo "1774"]
[BlackElo "2032"]
[PlyCount "106"]
[EventDate "2008.03.29"]
[EventType "swiss"]
[EventRounds "11"]
[EventCountry "POL"]
[SourceTitle "CBM 123 Extra"]
[Source "ChessBase"]
[SourceDate "2008.05.06"]
[SourceVersion "1"]
[SourceVersionDate "2008.05.06"]
[SourceQuality "1"]

1. d4 Nf6 2. f4 b6 3. Nf3 Bb7 4. e3 e6 5. Bd3 d5 6. 0-0 Be7 7. c3 c5 8. Nbd2 Nbd7 9. Ne5 Qc7 10. Ndf3 0-0 11. Qe1 Nxe5 12. Nxe5 Ne4 13. Qe2 f6 14. Ng4 a5 15. Bd2 Qc8 16. Nf2 f5 17. Nxe4 fxe4 18. Bb5 Bc6 19. Rfc1 c4 20. Bxc6 Qxc6 21. Qe1 b5 22. Rcb1 Rfb8 23. a3 Rb7 24. b3 cxb3 25. Rxb3 Rab8 26. Rab1 a4 27. Rb4 Bxb4 28. Rxb4 Qe8 29. Qe2 Rc7 30. Qd1 Rc4 31. Rb2 Qe7 32. Ra2 Rcc8 33. Qb1 Qc7 34. Kf2 Qc4 35. Qb2 Qd3 36. Qc2 Qc4 37. Qb2 Rf8 38. Ra1 g5 39. g3 Rb7 40. Rb1 Qd3 41. Qc1 gxf4 42. gxf4 Rc7 43. Rb2 Qc4 44. Qb1 Rb7 45. Rb4 Qc6 46. Qf1 Kh8 47. Qb1 Rg8 48. Qf1 Rbg7 49. Qh1 Qe8 50. Rb1 Qh5 51. Re1 Qg4 52. Rf1 Qh4+ 53. Ke2 Rg2+ 0-1

[Event "POL-chT 2nd League"]
[Site "Wysowa"]
[Date "2007.09.11"]
[Round "9.36"]
[White "Skrzypczak, Anna"]
[Black "Wesolowska, Hanna"]
[Result "1-0"]
[WhiteElo "1997"]
[BlackElo "2067"]
[PlyCount "61"]
[EventDate "2007.09.03"]
[EventType "team-swiss"]
[EventRounds "9"]
[EventCountry "POL"]
[SourceTitle "EXT 2019"]
[Source "ChessBase"]
[SourceDate "2018.10.10"]
[SourceVersion "1"]
[SourceVersionDate "2018.10.10"]
[SourceQuality "1"]
[WhiteTeam "Krakow TKKF Drogowiec"]
[BlackTeam "Pawlowice GKS Pniowek 74"]
[WhiteTeamCountry "POL"]
[BlackTeamCountry "POL"]

1. e4 e5 2. Nf3 Nf6 3. Nxe5 d6 4. Nf3 Nxe4 5. Nc3 Nxc3 6. dxc3 Be7 7. Bf4 Bg4 8. Be2 0-0 9. Qd2 Nc6 10. 0-0-0 Bf6 11. h3 Bxf3 12. Bxf3 Rb8 13. g4 a5 14. g5 Be7 15. h4 Ne5 16. Be4 c6 17. Qd4 Qc7 18. h5 Rbd8 19. Rdg1 f5 20. Bg2 Rd7 21. Rd1 Rdd8 22. h6 g6 23. c4 b6 24. Be3 Rf7 25. f4 Nd7 26. Bd2 c5 27. Qc3 Nb8 28. Bd5 Bf8 29. Qf6 Nc6 30. Bc3 Nd4 31. Rxd4 1-0

[Event "POL-chT 2nd League"]
[Site "Wysowa"]
[Date "2007.09.08"]
[Round "6"]
[White "Sosnowska, Elzbieta"]
[Black "Skrzypczak, Anna"]
[Result "1/2-1/2"]
[WhiteElo "2010"]
[BlackElo "1997"]
[PlyCount "98"]
[EventDate "2007.09.03"]
[EventType "team-swiss"]
[EventRounds "9"]
[EventCountry "POL"]
[SourceTitle "EXT 2010"]
[Source "ChessBase"]
[SourceDate "2010.11.25"]
[SourceVersion "1"]
[SourceVersionDate "2010.11.25"]
[SourceQuality "1"]
[WhiteTeam "Pultusk Nadnarwianka"]
[BlackTeam "Krakow TKKF Drogowiec"]
[WhiteTeamCountry "POL"]
[BlackTeamCountry "POL"]

1. e4 c5 2. Nf3 d6 3. d4 cxd4 4. Nxd4 Nf6 5. Nc3 a6 6. f4 e5 7. Nf3 Nbd7 8. Bd3 Be7 9. a4 0-0 10. Qe2 exf4 11. Bxf4 Qc7 12. 0-0 Ne5 13. Kh1 Be6 14. Nd4 Rad8 15. Nxe6 fxe6 16. Bxe5 dxe5 17. Bc4 Qc6 18. Bd3 Rd4 19. Qe3 Rb4 20. Qg3 Nd7 21. Rxf8+ Bxf8 22. Rf1 Rxb2 23. Qf3 Nf6 24. Ne2 Be7 25. Qh3 Ra2 26. Nd4 exd4 27. e5 h6 28. exf6 Bxf6 29. Qg3 Kf8 30. Qb8+ Ke7 31. Bg6 Rxa4 32. Rb1 b5 33. Qa7+ Kd6 34. Qb8+ Qc7 35. Qf8+ Kc6 36. Qe8+ Qd7 37. Qa8+ Kd6 38. Qf8+ Kc7 39. Be4 Rc4 40. Qa8 Qd6 41. Ra1 Ra4 42. Rb1 d3 43. cxd3 Ra1 44. Rxa1 Bxa1 45. Qb7+ Kd8 46. Qa8+ Kd7 47. g3 Ke7 48. Kg2 b4 49. Qa7+ Kd8 1/2-1/2

[Event "Kochan Memorial op-B 18th"]
[Site "Koszalin"]
[Date "2007.08.13"]
[Round "9"]
[White "Skrzypczak, Anna"]
[Black "Plicner, Adam"]
[Result "1-0"]
[WhiteElo "1997"]
[BlackElo "2066"]
[PlyCount "75"]
[EventDate "2007.08.05"]
[EventType "swiss"]
[EventRounds "9"]
[EventCountry "POL"]
[SourceTitle "EXT 2011"]
[Source "ChessBase"]
[SourceDate "2010.11.26"]
[SourceVersion "1"]
[SourceVersionDate "2010.11.26"]
[SourceQuality "1"]

1. e4 c5 2. Nf3 d6 3. d4 cxd4 4. Nxd4 Nf6 5. Nc3 g6 6. Be3 Bg7 7. f3 0-0 8. Qd2 Nc6 9. 0-0-0 Nxd4 10. Bxd4 Be6 11. g4 Qa5 12. Kb1 Rfc8 13. a3 a6 14. h4 Rab8 15. Bxf6 Bxf6 16. Nd5 Qxd2 17. Nxf6+ exf6 18. Rxd2 Rd8 19. Be2 Rd7 20. Rhd1 Rbd8 21. c4 Kf8 22. f4 f5 23. exf5 gxf5 24. g5 Rc7 25. b3 Rcd7 26. Kc2 Ke7 27. Kc3 Rc7 28. Kb4 b6 29. Bf3 Rc5 30. a4 Rc7 31. Re1 Rc5 32. Bd5 Kd7 33. Bf3 Rc7 34. Rde2 Rdc8 35. Bh5 Ke7 36. Bxf7 Kxf7 37. Rxe6 Rd7 38. Rf6+ 1-0

[Event "Kochan Memorial op-B 18th"]
[Site "Koszalin"]
[Date "2007.08.12"]
[Round "8"]
[White "Skrzypczak, Anna"]
[Black "Sochacki, Christophe"]
[Result "0-1"]
[WhiteElo "1997"]
[BlackElo "2044"]
[PlyCount "130"]
[EventDate "2007.08.05"]
[EventType "swiss"]
[EventRounds "9"]
[EventCountry "POL"]
[SourceTitle "EXT 2011"]
[Source "ChessBase"]
[SourceDate "2010.11.26"]
[SourceVersion "1"]
[SourceVersionDate "2010.11.26"]
[SourceQuality "1"]

1. e4 c5 2. Nf3 e6 3. d4 cxd4 4. Nxd4 a6 5. Bd3 Qc7 6. 0-0 Nf6 7. Qe2 d6 8. c4 g6 9. Nc3 Bg7 10. Kh1 0-0 11. f4 Nbd7 12. Nf3 b6 13. Bd2 Bb7 14. Rae1 Rfe8 15. b3 Rad8 16. Qf2 Qc5 17. Qh4 Qh5 18. b4 Qxh4 19. Nxh4 Rc8 20. a4 Nh5 21. Rc1 f5 22. Rfe1 Nhf6 23. Nf3 Nb8 24. Kg1 Nc6 25. Rb1 Nd7 26. Kf1 Nd4 27. Nxd4 Bxd4 28. exf5 gxf5 29. Re2 Nf6 30. Rb3 Kf7 31. Be3 Bxe3 32. Rxe3 Rg8 33. Rb2 d5 34. Re1 dxc4 35. Bb1 Nd5 36. Nxd5 Bxd5 37. Re5 c3 38. Rf2 Rgd8 39. Bc2 Rc4 40. Re3 Rdc8 41. Rh3 Kg7 42. g4 Be4 43. gxf5 Bxf5 44. Bxf5 exf5 45. Rg2+ Kh8 46. Rc2 Rxb4 47. Rhxc3 Rxc3 48. Rxc3 Rxf4+ 49. Kg2 Rxa4 50. Rc8+ Kg7 51. Rc7+ Kg6 52. Rc6+ Kg5 53. Rxb6 Ra2+ 54. Kg3 f4+ 55. Kf3 Ra3+ 56. Kg2 Kg4 57. Rh6 Ra2+ 58. Kf1 Kf3 59. Rh3+ Ke4 60. Rxh7 Ke3 61. h4 Ra1+ 62. Kg2 f3+ 63. Kh2 f2 64. Re7+ Kd4 65. Rd7+ Ke5 0-1

[Event "Moscow Dvorkovich Cup U16 2nd"]
[Site "Moscow"]
[Date "2007.07.??"]
[Round "7"]
[White "Baghdasaryan, Vahe"]
[Black "Skrzypczak, Anna"]
[Result "1-0"]
[WhiteElo "2093"]
[BlackElo "1997"]
[PlyCount "107"]
[EventDate "2007.07.??"]
[EventType "team-tourn"]
[EventRounds "14"]
[EventCountry "RUS"]
[SourceTitle "EXT 2010"]
[Source "ChessBase"]
[SourceDate "2010.11.25"]
[SourceVersion "1"]
[SourceVersionDate "2010.11.25"]
[SourceQuality "1"]

1. e4 c5 2. Nf3 Nc6 3. d4 cxd4 4. Nxd4 Nf6 5. Nc3 e5 6. Ndb5 d6 7. Nd5 Nxd5 8. exd5 Nb8 9. Qf3 a6 10. Qa3 Be7 11. Bg5 f6 12. Bd2 0-0 13. Bb4 axb5 14. Qxa8 Na6 15. Bd2 Qb6 16. Be3 Qa5+ 17. c3 b4 18. Bxa6 bxc3 19. 0-0 cxb2 20. Rab1 bxa6 21. Rxb2 f5 22. Rc2 Bd7 23. Qa7 Ba4 24. Rc7 Bf6 25. Bg5 Qxc7 26. Qxc7 Bxg5 27. Qxd6 Bb5 28. Rb1 e4 29. a4 Bxa4 30. Qxa6 Bc2 31. Rb7 h6 32. d6 Bd3 33. Qa2+ Kh7 34. Qa7 Bf6 35. d7 f4 36. Rb8 Rf7 37. Qa5 e3 38. d8Q Bxd8 39. Qxd8 Bc4 40. Qg8+ Kg6 41. Rb6+ Kh5 42. Qe8 e2 43. Rb7 e1Q+ 44. Qxe1 Rxb7 45. Qe4 Ra7 46. g4+ Kxg4 47. Qxc4 g5 48. Kg2 Ra3 49. h3+ Kh4 50. Qe6 h5 51. f3 Re3 52. Qc4 Re5 53. Qd3 Re3 54. Qd5 1-0